HELB - BAC 1 - Histoire - Documentaire - Statistics

General Stats
  • This quiz has been taken 10 times
    8 since last reset
  • The average score is 7 of 32
Answer Stats
Hint Film % Correct
Titre Le Voleur de Bicyclette
67%
Titre Nanouk l’esquimau
67%
Date 1922
50%
Titre À la conquête du Pôle
50%
Réal Les Frères Lumière
50%
Réal Robert Flaherty
50%
Date 1912
33%
Date 1928
33%
Réal Dziga Vertov
33%
Titre L’homme à la caméra
33%
Date 1957
17%
Réal Alain Resnais
17%
Réal Chris Marker
17%
Courant idk
17%
Titre Les Vues Lumière
17%
Titre Lettres de Sibérie
17%
Courant Néoréalisme Italien
17%
Titre Nuit & Brouillard
17%
Courant Pionniers
17%
Courant Pionniers
17%
Réal Raymond Depardon
17%
Titre Reporters
17%
Réal Vittorio De Sica
17%
Date 1895 - 1898
0%
Date 1948
0%
Date 1955
0%
Date 1981
0%
Courant Cinéma Direct
0%
Courant Cinéma Vérité
0%
Réal Georges Méliès
0%
Courant Voix-Off
0%
Courant Voix-Off
0%
No matching quizzes found
Score Distribution
Percent of People with Each Score
Percentile by Number Answered
Your Score History
You have not taken this quiz since the last reset